01372nam a2200373 a 450000100060000000300080000600500170001400600190003100700150005000800410006502000180010603500230012403500240014703500250017103500210019604000260021705000300024308000140027308200160028710000390030324501380034226000910048030000110057149000400058253301640062265000140078665000140080065500270081470000300084170000290087171000190090085600620091999900170098191382FlNmELB20241217172023.0m o d | cr cn|||||||||130124s2012 sp |||||s|||||||||||spa d z9788415595779 a(MiAaPQ)EBC3205963 a(Au-PeEL)EBL3205963 a(CaPaEBR)ebr10637968 a(OCoLC)929394422 aFlNmELBbspacFlNmELB 4aTK5105.875.I57bG491 2012 a004.738.504a004.6782221 aGiménez Guzmán, José Manuel.10aAplicaciones de Interneth[recurso electronico] /cJosé Manuel Giménez Guzmán, M Teresa López Merayo, Manuel Moreno Martín. aAlcalá de Henares :bUniversidad de Alcalá, Servicio de Publicaciones,cD.L. 2012. a239 p.0 aTextos Universitarios. Tecnología aRecurso electrónico. Santa Fe, Arg.: e-libro, 2015. Disponible vía World Wide Web. El acceso puede estar limitado para las bibliotecas afiliadas a e-libro. 4aInternet. 0aInternet. 4aLibros electrónicos.1 aLópez Merayo, M Teresa.1 aMoreno Martín, Manuel.2 ae-libro, Corp.40uhttps://elibro.net/ereader/politecnicointernacional/42506 c91382d91382